<?xml version="1.0" encoding="UTF-8"?>
<record
    xmlns:xsi="http://www.w3.org/2001/XMLSchema-instance"
    xsi:schemaLocation="http://www.loc.gov/MARC21/slim http://www.loc.gov/standards/marcxml/schema/MARC21slim.xsd"
    xmlns="http://www.loc.gov/MARC21/slim">

  <leader>01475nam a22003017a 4500</leader>
  <controlfield tag="005">2010091802302.0</controlfield>
  <controlfield tag="008">100915t        xxu||||| |||| 00| 0 hin d</controlfield>
  <datafield tag="010" ind1=" " ind2=" ">
    <subfield code="a">HIN-91948</subfield>
  </datafield>
  <datafield tag="020" ind1=" " ind2=" ">
    <subfield code="c">400.00</subfield>
    <subfield code="a">9788189821028</subfield>
  </datafield>
  <datafield tag="035" ind1=" " ind2=" ">
    <subfield code="a">HN-64294</subfield>
  </datafield>
  <datafield tag="037" ind1=" " ind2=" ">
    <subfield code="b">DBAD / PUB</subfield>
  </datafield>
  <datafield tag="040" ind1=" " ind2=" ">
    <subfield code="a">DPL</subfield>
    <subfield code="b">HN</subfield>
  </datafield>
  <datafield tag="082" ind1=" " ind2=" ">
    <subfield code="a">327.10954</subfield>
  </datafield>
  <datafield tag="100" ind1=" " ind2=" ">
    <subfield code="9">20178</subfield>
    <subfield code="a">&#x92F;&#x93E;&#x926;&#x935;, &#x915;&#x930;&#x94D;&#x923;&#x93F;&#x915;&#x93E;</subfield>
  </datafield>
  <datafield tag="245" ind1=" " ind2=" ">
    <subfield code="a">&#x92D;&#x93E;&#x930;&#x924; &#x915;&#x940; &#x935;&#x93F;&#x926;&#x947;&#x936;&#x928;&#x940;&#x924;&#x93F; /</subfield>
    <subfield code="c">&#x915;&#x930;&#x94D;&#x923;&#x93F;&#x915;&#x93E; &#x92F;&#x93E;&#x926;&#x935; &#x90F;&#x935;&#x902; &#x905;&#x902;&#x936;&#x941; &#x92A;&#x93E;&#x902;&#x921;&#x947;&#x92F;</subfield>
  </datafield>
  <datafield tag="246" ind1=" " ind2=" ">
    <subfield code="a">Bharat ki videshniti</subfield>
    <subfield code="b">by Karnika yadav</subfield>
  </datafield>
  <datafield tag="260" ind1=" " ind2=" ">
    <subfield code="a">&#x926;&#x93F;&#x932;&#x94D;&#x932;&#x940;</subfield>
    <subfield code="b">&#x928;&#x935;&#x930;&#x93E;&#x91C; &#x92A;&#x94D;&#x930;&#x915;&#x93E;&#x936;&#x928;</subfield>
    <subfield code="c">2009</subfield>
  </datafield>
  <datafield tag="270" ind1=" " ind2=" ">
    <subfield code="a">&#x92C;&#x940;-13 &#x938;&#x940;, &#x917;&#x932;&#x940; &#x928;&#x902;. 5, &#x917;&#x93E;&#x901;&#x935;&#x921;&#x93C;&#x940; &#x90F;&#x915;&#x94D;&#x938;&#x91F;&#x947;&#x902;&#x936;&#x928; &#x92D;&#x91C;&#x928;&#x92A;&#x941;&#x930;&#x93E;</subfield>
    <subfield code="b">&#x926;&#x93F;&#x932;&#x94D;&#x932;&#x940;</subfield>
    <subfield code="e">110053</subfield>
    <subfield code="k">011- 65796579</subfield>
  </datafield>
  <datafield tag="300" ind1=" " ind2=" ">
    <subfield code="a">308&#x92A;&#x943;.</subfield>
    <subfield code="c">22&#x938;&#x947;&#x92E;&#x940; (&#x938;&#x91C;&#x93F;&#x932;&#x94D;&#x926;)</subfield>
  </datafield>
  <datafield tag="500" ind1=" " ind2=" ">
    <subfield code="a">&#x938;&#x92E;&#x93E;&#x928; ISBN  8189821024 &#x936;&#x940;&#x930;&#x94D;&#x937;&#x915; '&#x92E;&#x924;&#x94D;&#x938;&#x94D;&#x92F; &#x92A;&#x941;&#x930;&#x93E;&#x923; &#x92E;&#x947;&#x902; &#x939;&#x93F;&#x928;&#x94D;&#x926;&#x942; &#x926;&#x947;&#x935;&#x940;-&#x926;&#x947;&#x935;&#x924;&#x93E;&#x913;&#x902; &#x915;&#x93E; &#x938;&#x93E;&#x92E;&#x93E;&#x91C;&#x93F;&#x915; &#x905;&#x927;&#x94D;&#x92F;&#x92F;&#x928;?'</subfield>
  </datafield>
  <datafield tag="650" ind1=" " ind2=" ">
    <subfield code="9">1159</subfield>
  </datafield>
  <datafield tag="650" ind1=" " ind2=" ">
    <subfield code="9">26117</subfield>
  </datafield>
  <datafield tag="700" ind1=" " ind2=" ">
    <subfield code="9">20179</subfield>
    <subfield code="a">&#x92A;&#x93E;&#x902;&#x921;&#x947;&#x92F;, &#x905;&#x902;&#x936;&#x941; </subfield>
  </datafield>
  <datafield tag="700" ind1=" " ind2=" ">
    <subfield code="9">20333</subfield>
  </datafield>
  <datafield tag="700" ind1=" " ind2=" ">
    <subfield code="9">20540</subfield>
  </datafield>
  <datafield tag="942" ind1=" " ind2=" ">
    <subfield code="2">ddc</subfield>
    <subfield code="c">HN</subfield>
    <subfield code="m">&#x92F;&#x93E;&#x926;&#x935;</subfield>
    <subfield code="h">327.10954</subfield>
  </datafield>
  <datafield tag="999" ind1=" " ind2=" ">
    <subfield code="c">50837</subfield>
    <subfield code="d">50837</subfield>
  </datafield>
  <datafield tag="952" ind1=" " ind2=" ">
    <subfield code="0">0</subfield>
    <subfield code="1">0</subfield>
    <subfield code="2">ddc</subfield>
    <subfield code="4">0</subfield>
    <subfield code="7">1</subfield>
    <subfield code="8">NFIC</subfield>
    <subfield code="a">DBAD</subfield>
    <subfield code="b">DBAD</subfield>
    <subfield code="d">2011-03-01</subfield>
    <subfield code="e">DBAD /PUB</subfield>
    <subfield code="g">400.00</subfield>
    <subfield code="l">0</subfield>
    <subfield code="o">327.10954 &#x92F;&#x93E;&#x926;&#x935;</subfield>
    <subfield code="p">HN-64294</subfield>
    <subfield code="r">2011-03-01 00:00:00</subfield>
    <subfield code="t">1</subfield>
    <subfield code="v">400.00</subfield>
    <subfield code="w">2011-03-01</subfield>
    <subfield code="y">HN</subfield>
  </datafield>
</record>
